Statistics for Countries that have Controlled Brittany

Click here to take the quiz!

General Stats

  • This quiz has been taken 42 times
  • The average score is 6 of 9

Answer Stats

Answer% Correct
France
97%
Roman Empire
89%
England
82%
Brittany
74%
Frankish Kingdom
71%
Western Roman Empire
63%
West Francia
63%
Gallic Empire
16%
Angevin Empire
8%

Score Distribution

Percentile by Number Answered

Percent of People with Each Score

Your Score History

You have not taken this quiz